Normal view
MARC view
- Richard Seto
Entry Personal Name
001 - CONTROL NUMBER
- control field: 20543
003 - CONTROL NUMBER IDENTIFIER
- control field: NUST
005 - DATE AND TIME OF LATEST TRANSACTION
- control field: 20190913055331.0
008 - FIXED-LENGTH DATA ELEMENTS
- fixed length control field: 190913|| aca||aabn | a|a d
040 ## - CATALOGING SOURCE
- Original cataloging agency: NUST
- Transcribing agency: NUST
100 ## - HEADING--PERSONAL NAME
- Personal name: Richard Seto
670 ## - SOURCE DATA FOUND
- Source citation: Work cat.: (NUST): Richard Seto, Heavy Lon Physics from Bevalac to RHIC Proceeding of the Relativistic Heavy Lon Symposium APS Centennial Meeting 99, 1999
